00618 2200217 4500001002100000005001700021008004100038035002600079245002000105100002000125250000600145260006500151300003700216020002200253082000800275084001100283520003700294650003300331990001800364990001800382INLIS00000000000376620191230025422.0191230| ||| | ind  a 0010-12190000000376600cSri Al Hidayati0 aSri Al Hidayati a3 aSygma Kaya Imaji : BandungbSygma Kaya Imaji : Bandungc2018 a22x27cm 29 hlm ;c22x27cm 29 hlm a978-979-055-528-00 a200 a297,73 aHibah Perpusnas 2018 14 Nov 2018 0aEnsiklopedia Al-Quran 297.73 aB201901059172 aB201901059173